[Event "Salamanca Unamuno Cup"]
[Site "Salamanca"]
[Date "2021.12.04"]
[Round "3"]
[White "Gonzalez Perez, Arian"]
[Black "Vidal Fernandez, Pablo"]
[Result "1/2-1/2"]
[WhiteElo "2456"]
[BlackElo "2182"]
[PlyCount "39"]
[EventDate "2021.12.03"]
[EventType "swiss"]
[EventRounds "9"]
[EventCountry "ESP"]
[SourceTitle "EXT 2023"]
[Source "ChessBase"]
[SourceDate "2022.10.05"]
[SourceVersion "1"]
[SourceVersionDate "2022.10.05"]
[SourceQuality "1"]

1. e4 c5 2. Nf3 e6 3. d3 Nc6 4. g3 Nge7 5. Bg2 d5 6. Qe2 g6 7. 0-0 Bg7 8. e5 Qc7 9. Re1 h6 10. h4 b6 11. c4 Ba6 12. Nc3 Rd8 13. Bf4 0-0 14. Nb5 Qd7 15. Nd6 Nc8 16. Nxc8 Qxc8 17. b3 Bb7 18. Rad1 Qa8 19. Qf1 Nb4 20. Nh2 1/2-1/2

[Event "Pontevedra op-A 6th"]
[Site "Pontevedra"]
[Date "2018.08.14"]
[Round "9"]
[White "Vidal Fernandez, Pablo"]
[Black "Lemstra, Bart"]
[Result "1/2-1/2"]
[WhiteElo "2143"]
[BlackElo "1929"]
[PlyCount "67"]
[EventDate "2018.08.08"]
[EventType "swiss"]
[EventRounds "9"]
[EventCountry "ESP"]
[SourceTitle "EXT 2021"]
[Source "ChessBase"]
[SourceDate "2020.10.23"]
[SourceVersion "1"]
[SourceVersionDate "2020.10.23"]
[SourceQuality "1"]

1. e4 e5 2. Nf3 Nc6 3. Bb5 a6 4. Ba4 Nf6 5. d4 Nxe4 6. 0-0 d5 7. Nxe5 Bd7 8. Nxd7 Qxd7 9. c3 Be7 10. Nd2 Nxd2 11. Bxd2 0-0 12. Qf3 Rad8 13. Rae1 Rfe8 14. Bc2 g6 15. g3 Bf8 16. Bg5 Ne7 17. Kg2 h6 18. Bd2 Nc8 19. h4 h5 20. Kh2 c6 21. Rg1 Rxe1 22. Bxe1 Qe7 23. Bd2 Re8 24. Re1 Qd7 25. Rxe8 Qxe8 26. g4 hxg4 27. Qxg4 Nd6 28. h5 Ne4 29. Bxe4 Qxe4 30. Qxe4 dxe4 31. hxg6 f5 32. Kg3 Kg7 33. Kf4 Kf6 34. Kg3 1/2-1/2

[Event "Pontevedra op-A 6th"]
[Site "Pontevedra"]
[Date "2018.08.13"]
[Round "8"]
[White "Levi, Netanel"]
[Black "Vidal Fernandez, Pablo"]
[Result "1/2-1/2"]
[WhiteElo "1961"]
[BlackElo "2143"]
[PlyCount "92"]
[EventDate "2018.08.08"]
[EventType "swiss"]
[EventRounds "9"]
[EventCountry "ESP"]
[SourceTitle "EXT 2021"]
[Source "ChessBase"]
[SourceDate "2020.10.23"]
[SourceVersion "1"]
[SourceVersionDate "2020.10.23"]
[SourceQuality "1"]

1. e4 e6 2. d4 d5 3. Nd2 a6 4. Ngf3 c5 5. exd5 exd5 6. dxc5 Bxc5 7. Nb3 Bb6 8. Be2 Nc6 9. c3 Nf6 10. 0-0 0-0 11. Bg5 Bg4 12. h3 Bh5 13. Bxf6 Qxf6 14. Qxd5 Rfe8 15. Rfe1 Bg6 16. Qg5 Qd6 17. Rad1 Qc7 18. Nbd4 Ne5 19. Nxe5 Rxe5 20. Qc1 Rae8 21. Kf1 R5e7 22. g3 h5 23. Bf3 Qc4+ 24. Kg2 Qxa2 25. Bxb7 h4 26. Rxe7 Rxe7 27. Bf3 hxg3 28. fxg3 Rd7 29. Qe3 Qxb2+ 30. Rd2 Qc1 31. Qe8+ Kh7 32. Re2 Bxd4 33. cxd4 Rxd4 34. Qe3 Qc4 35. h4 Rd3 36. Qf2 Bf5 37. Kh2 Qc3 38. Bg2 Qa5 39. Qxf5+ Qxf5 40. Be4 Rf3 41. Bxf5+ Rxf5 42. Re7 Kg6 43. Ra7 a5 44. Kh3 Kf6 45. Ra6+ Ke7 46. Ra7+ Ke6 1/2-1/2

[Event "Pontevedra op-A 6th"]
[Site "Pontevedra"]
[Date "2018.08.09"]
[Round "2"]
[White "Adams, Philip"]
[Black "Vidal Fernandez, Pablo"]
[Result "0-1"]
[WhiteElo "1982"]
[BlackElo "2143"]
[PlyCount "82"]
[EventDate "2018.08.08"]
[EventType "swiss"]
[EventRounds "9"]
[EventCountry "ESP"]
[SourceTitle "EXT 2021"]
[Source "ChessBase"]
[SourceDate "2020.10.23"]
[SourceVersion "1"]
[SourceVersionDate "2020.10.23"]
[SourceQuality "1"]

1. Nf3 Nf6 2. c4 c6 3. g3 d5 4. Bg2 dxc4 5. 0-0 Nbd7 6. Qc2 Nb6 7. a4 a5 8. Na3 Be6 9. Ne1 g6 10. d3 cxd3 11. Nxd3 Qc8 12. Re1 Bg7 13. Nc5 Bh3 14. Bh1 0-0 15. e4 Ng4 16. Nb3 Rd8 17. f3 Ne5 18. Be3 Nxa4 19. Nc1 Nxb2 20. Rb1 Nbd3 21. Nxd3 Nxd3 22. Red1 Nb4 23. Qf2 Be6 24. Bb6 Rd3 25. Rxd3 Nxd3 26. Qe3 Ne5 27. Bg2 Nd7 28. Bd4 b5 29. Bf1 b4 30. Bxg7 Kxg7 31. Nc4 c5 32. f4 a4 33. h4 Qc7 34. h5 Bxc4 35. Bxc4 Nb6 36. h6+ Kf8 37. Bf1 a3 38. Qb3 Rd8 39. e5 Qd7 40. Re1 Qd4+ 41. Kh2 Qf2+ 0-1

[Event "Portugal-Galicia m"]
[Site "Ourense"]
[Date "2018.06.16"]
[Round "1"]
[White "Sousa, Andre Ventura"]
[Black "Vidal Fernandez, Pablo"]
[Result "1-0"]
[WhiteElo "2373"]
[BlackElo "2143"]
[PlyCount "61"]
[EventDate "2018.06.16"]
[EventType "team-match"]
[EventRounds "1"]
[EventCountry "ESP"]
[SourceTitle "CBM 184 Extra"]
[Source "ChessBase"]
[SourceDate "2018.06.28"]
[SourceVersion "1"]
[SourceVersionDate "2018.06.28"]
[SourceQuality "1"]
[WhiteTeam "Portugal"]
[BlackTeam "Galicia"]
[WhiteTeamCountry "POR"]
[BlackTeamCountry "ESP"]

1. Nf3 d5 2. d4 e6 3. c4 Nf6 4. Nc3 Be7 5. e3 0-0 6. Be2 b6 7. cxd5 exd5 8. 0-0 Bb7 9. b3 Nbd7 10. Bb2 Ne4 11. Nxe4 dxe4 12. Nd2 c5 13. Nc4 b5 14. Nd2 a6 15. a4 Qb6 16. Qb1 f5 17. dxc5 Bxc5 18. b4 Bxb4 19. Bxg7 Bxd2 20. Bxf8 Kxf8 21. Qb2 Ba5 22. Qh8+ Ke7 23. Qg7+ Ke6 24. axb5 axb5 25. Rab1 Bc6 26. Bc4+ Kd6 27. Rfd1+ Kc7 28. Be6 Rd8 29. Rbc1 Kb8 30. Bxd7 Qc7 31. Qa1 1-0

[Event "Galego-ch U18"]
[Site "Ferrol"]
[Date "2018.02.12"]
[Round "6"]
[White "Vidal Fernandez, Pablo"]
[Black "Gonzalez Eiris, Daniel"]
[Result "1-0"]
[WhiteElo "2144"]
[BlackElo "1941"]
[PlyCount "71"]
[EventDate "2018.02.10"]
[EventType "swiss"]
[EventRounds "8"]
[EventCountry "ESP"]
[SourceTitle "EXT 2024"]
[Source "ChessBase"]
[SourceDate "2023.10.10"]
[SourceVersion "1"]
[SourceVersionDate "2023.10.10"]
[SourceQuality "1"]

1. e4 e6 2. d4 d5 3. Nc3 Nf6 4. e5 Nfd7 5. Nce2 c5 6. c3 Nc6 7. f4 a6 8. Nf3 Be7 9. g3 b5 10. a3 Nb6 11. Bh3 Bd7 12. 0-0 a5 13. Ne1 cxd4 14. cxd4 g6 15. Nd3 b4 16. a4 h5 17. b3 Nc8 18. Be3 Bf8 19. Rc1 N8e7 20. Bf2 Nf5 21. Qd2 Nh6 22. Kg2 Be7 23. Ng1 Kf8 24. Nf3 Kg7 25. Nc5 Rb8 26. Rc2 Rb6 27. Rfc1 Re8 28. Kg1 Bxc5 29. Rxc5 Qe7 30. Bf1 Ng4 31. Bb5 Nxf2 32. Kxf2 Rc8 33. R1c2 Be8 34. Qc1 Qb7 35. h3 Bd7 36. g4 1-0

[Event "Galego-ch U18"]
[Site "Ferrol"]
[Date "2018.02.10"]
[Round "1"]
[White "Suarez Rozas, David"]
[Black "Vidal Fernandez, Pablo"]
[Result "0-1"]
[WhiteElo "1659"]
[BlackElo "2144"]
[PlyCount "78"]
[EventDate "2018.02.10"]
[EventType "swiss"]
[EventRounds "8"]
[EventCountry "ESP"]
[SourceTitle "EXT 2024"]
[Source "ChessBase"]
[SourceDate "2023.10.10"]
[SourceVersion "1"]
[SourceVersionDate "2023.10.10"]
[SourceQuality "1"]

1. e4 c5 2. Ne2 Nc6 3. g3 d5 4. Bg2 dxe4 5. Bxe4 Nf6 6. Bg2 h5 7. d3 h4 8. Bg5 h3 9. Bf3 Ne5 10. Nf4 Nh7 11. Nxh3 Bxh3 12. Bxb7 Nxg5 13. f4 Bg4 14. fxe5 Bxd1 15. Bc6+ Qd7 16. Bxd7+ Kxd7 17. Kxd1 Nf3 18. e6+ Kxe6 19. h4 Kd7 20. Rf1 Ne5 21. Nc3 f6 22. Ne4 e6 23. Ke2 Rb8 24. b3 Be7 25. Rad1 Nc6 26. c3 f5 27. Nd2 Bf6 28. Rc1 g5 29. g4 Rxh4 30. gxf5 Rh2+ 31. Ke1 Ne5 32. Nf3 Nxf3+ 33. Rxf3 g4 34. fxe6+ Kxe6 35. Re3+ Kf5 36. Rd1 Bxc3+ 37. Kf1 Bd4 38. Rg3 Kf4 39. Rg2 Rh1+ 0-1

[Event "Sanxenxo Carlos op 9th"]
[Site "Sanxenxo"]
[Date "2017.06.22"]
[Round "6"]
[White "Konguvel, Ponnuswamy"]
[Black "Vidal Fernandez, Pablo"]
[Result "1-0"]
[WhiteElo "2391"]
[BlackElo "2159"]
[PlyCount "71"]
[EventDate "2017.06.17"]
[EventType "swiss"]
[EventRounds "9"]
[EventCountry "ESP"]
[SourceTitle "CBM 179 Extra"]
[Source "ChessBase"]
[SourceDate "2017.08.23"]
[SourceVersion "1"]
[SourceVersionDate "2017.08.23"]
[SourceQuality "1"]

1. e4 c5 2. Nf3 e6 3. d4 cxd4 4. Nxd4 Nf6 5. Nc3 Nc6 6. Nxc6 bxc6 7. e5 Nd5 8. Ne4 Qa5+ 9. c3 Qc7 10. f4 Qb6 11. c4 Bb4+ 12. Ke2 f5 13. Nf2 Ba6 14. Kf3 Ne7 15. Be3 Bc5 16. Bxc5 Qxc5 17. Qd6 Qb6 18. b3 Kf7 19. Be2 Rad8 20. Rad1 Nc8 21. Qa3 c5 22. Nd3 Bb7+ 23. Kf2 d6 24. Bf3 Rhe8 25. exd6 Nxd6 26. Qxc5 Ne4+ 27. Bxe4 Bxe4 28. Ne5+ Kg8 29. Qxb6 axb6 30. Rd7 Ra8 31. Rd2 Ra5 32. a4 Rea8 33. Rhd1 h6 34. Rd8+ Rxd8 35. Rxd8+ Kh7 36. Rb8 1-0

[Event "Gallego-ch U18"]
[Site "Viveiro"]
[Date "2017.02.27"]
[Round "5"]
[White "Vidal Fernandez, Pablo"]
[Black "Dominguez Fernandez, Angel I"]
[Result "1/2-1/2"]
[WhiteElo "2007"]
[BlackElo "2115"]
[PlyCount "26"]
[EventDate "2017.02.25"]
[EventType "swiss"]
[EventRounds "8"]
[EventCountry "ESP"]
[SourceTitle "EXT 2024"]
[Source "ChessBase"]
[SourceDate "2023.10.10"]
[SourceVersion "1"]
[SourceVersionDate "2023.10.10"]
[SourceQuality "1"]

1. e4 c5 2. Nc3 Nc6 3. Nf3 e5 4. Bc4 Be7 5. d3 d6 6. h3 Nf6 7. Nd2 Be6 8. Nf1 d5 9. exd5 Nxd5 10. Nxd5 Bxd5 11. Ne3 Bxc4 12. dxc4 Qxd1+ 13. Kxd1 0-0-0+ 1/2-1/2

[Event "Gallego-ch U18"]
[Site "Viveiro"]
[Date "2017.02.26"]
[Round "4"]
[White "Puga Sanchez, Miguel"]
[Black "Vidal Fernandez, Pablo"]
[Result "0-1"]
[WhiteElo "1929"]
[BlackElo "2007"]
[PlyCount "68"]
[EventDate "2017.02.25"]
[EventType "swiss"]
[EventRounds "8"]
[EventCountry "ESP"]
[SourceTitle "EXT 2024"]
[Source "ChessBase"]
[SourceDate "2023.10.10"]
[SourceVersion "1"]
[SourceVersionDate "2023.10.10"]
[SourceQuality "1"]

1. e4 c5 2. Nf3 e6 3. g3 Nc6 4. Bg2 Nge7 5. d3 d5 6. Nbd2 g6 7. 0-0 Bg7 8. Re1 0-0 9. c3 e5 10. Nb3 b6 11. exd5 Nxd5 12. d4 exd4 13. cxd4 c4 14. Nbd2 b5 15. a4 c3 16. Ne4 b4 17. bxc3 Bf5 18. Bb2 Re8 19. Ne5 Nxe5 20. dxe5 Bxe5 21. Qb3 bxc3 22. Nxc3 Nxc3 23. Rxe5 Rxe5 24. Qxc3 f6 25. Bxa8 Qxa8 26. Qc4+ Be6 27. Qh4 Rf5 28. Re1 Qf3 29. g4 Rf4 30. h3 Bd5 31. Re8+ Kf7 32. Qxh7+ Kxe8 33. Qh8+ Ke7 34. Ba3+ Qxa3 0-1

[Event "Mondariz Balneario op 3rd"]
[Site "Mondariz Balneario"]
[Date "2016.08.24"]
[Round "9.8"]
[White "Vidal Fernandez, Pablo"]
[Black "Lesteiro Lores, Manuel Raul"]
[Result "1-0"]
[WhiteElo "1996"]
[BlackElo "1834"]
[PlyCount "49"]
[EventDate "2016.08.17"]
[EventType "swiss"]
[EventRounds "9"]
[EventCountry "ESP"]
[SourceTitle "EXT 2024"]
[Source "ChessBase"]
[SourceDate "2023.10.10"]
[SourceVersion "1"]
[SourceVersionDate "2023.10.10"]
[SourceQuality "1"]

1. e4 c5 2. Nf3 e6 3. d4 cxd4 4. Nxd4 a6 5. Bd3 Nf6 6. Qe2 d6 7. c4 Nbd7 8. b3 Be7 9. 0-0 0-0 10. Bb2 b6 11. Nd2 Bb7 12. Rad1 Re8 13. f4 Qc7 14. Bb1 Bf8 15. N4f3 d5 16. e5 Ng4 17. Bxh7+ Kh8 18. Ng5 Bc5+ 19. Kh1 Nh6 20. Bb1 Nf8 21. cxd5 Bxd5 22. Nde4 Be7 23. Qh5 Kg8 24. Nf6+ Bxf6 25. exf6 1-0

[Event "Mondariz Balneario op 3rd"]
[Site "Mondariz Balneario"]
[Date "2016.08.22"]
[Round "7.8"]
[White "Plaza Reino, Agustin"]
[Black "Vidal Fernandez, Pablo"]
[Result "0-1"]
[WhiteElo "1749"]
[BlackElo "1996"]
[PlyCount "114"]
[EventDate "2016.08.17"]
[EventType "swiss"]
[EventRounds "9"]
[EventCountry "ESP"]
[SourceTitle "EXT 2024"]
[Source "ChessBase"]
[SourceDate "2023.10.10"]
[SourceVersion "1"]
[SourceVersionDate "2023.10.10"]
[SourceQuality "1"]

1. e4 e6 2. d4 d5 3. Nd2 a6 4. c3 c5 5. exd5 exd5 6. Ngf3 Nc6 7. dxc5 Bxc5 8. Nb3 Bb6 9. Be2 Nf6 10. 0-0 0-0 11. Nbd4 Re8 12. Bf4 Ne4 13. Bg3 Qf6 14. Re1 Bg4 15. Nb3 Rad8 16. Qc2 h5 17. Nfd4 Bxe2 18. Qxe2 h4 19. f3 hxg3 20. fxe4 dxe4 21. Qg4 Nxd4 22. cxd4 Bxd4+ 23. Nxd4 Qxd4+ 24. Kh1 gxh2 25. Rad1 Qxb2 26. Rxd8 Rxd8 27. Qxe4 b5 28. Qe7 Qd4 29. Rf1 Rf8 30. Qa3 Ra8 31. Qf3 Rf8 32. Qa3 Qb6 33. Qb3 Qc7 34. Qb2 Rc8 35. Qa3 Qc4 36. Rd1 Qc6 37. Kxh2 Qg6 38. Qh3 Qe6 39. Qxe6 fxe6 40. Rd6 a5 41. Rxe6 Rc2 42. Re5 Rb2 43. a4 bxa4 44. Rxa5 Rb4 45. Kg3 Kf7 46. Ra6 Rb3+ 47. Kf4 a3 48. g4 Ke7 49. Ra7+ Ke6 50. Rxg7 Rb4+ 51. Kg5 Ra4 52. Rc7 a2 53. Rc1 a1Q 54. Rxa1 Rxa1 55. Kh6 Kf7 56. Kg5 Ra5+ 57. Kh6 Kf6 0-1

[Event "Mondariz Balneario op 3rd"]
[Site "Mondariz Balneario"]
[Date "2016.08.21"]
[Round "6.5"]
[White "Vidal Fernandez, Pablo"]
[Black "Fernandez Lopez, Alejandro I"]
[Result "1/2-1/2"]
[WhiteElo "1996"]
[BlackElo "1914"]
[PlyCount "60"]
[EventDate "2016.08.17"]
[EventType "swiss"]
[EventRounds "9"]
[EventCountry "ESP"]
[SourceTitle "EXT 2024"]
[Source "ChessBase"]
[SourceDate "2023.10.10"]
[SourceVersion "1"]
[SourceVersionDate "2023.10.10"]
[SourceQuality "1"]

1. e4 e5 2. Nf3 d6 3. d4 exd4 4. Qxd4 Nf6 5. Bg5 Nc6 6. Bb5 Be7 7. Nc3 Bd7 8. Bxc6 Bxc6 9. 0-0-0 Qd7 10. Bxf6 Bxf6 11. e5 dxe5 12. Qxd7+ Bxd7 13. Rhe1 0-0-0 14. Nxe5 Bxe5 15. Rxe5 Bg4 16. Rxd8+ Rxd8 17. f3 Be6 18. Re2 c6 19. Rd2 Rxd2 20. Kxd2 Kd7 21. Ke3 Kd6 22. Ne4+ Kd7 23. Nc3 Bf5 24. Kd2 h6 25. Ne2 h5 26. Ng3 Bg6 27. c3 f6 28. Ke3 Ke6 29. Ne2 Ke7 30. a3 a6 1/2-1/2

[Event "Galego-ch U16"]
[Site "Padron"]
[Date "2016.03.22"]
[Round "7.1"]
[White "Vidal Fernandez, Pablo"]
[Black "Roma Barge, Gabriel"]
[Result "0-1"]
[WhiteElo "1970"]
[BlackElo "1906"]
[PlyCount "62"]
[EventDate "2016.03.19"]
[EventType "swiss"]
[EventRounds "8"]
[EventCountry "ESP"]
[SourceTitle "EXT 2024"]
[Source "ChessBase"]
[SourceDate "2023.10.10"]
[SourceVersion "1"]
[SourceVersionDate "2023.10.10"]
[SourceQuality "1"]

1. e4 g6 2. Nc3 Bg7 3. Bc4 d6 4. d3 a6 5. a4 c6 6. f4 Nf6 7. Nf3 Bg4 8. h3 Bxf3 9. Qxf3 e6 10. 0-0 d5 11. Bb3 Nbd7 12. Be3 0-0 13. Rae1 Rc8 14. f5 Ne5 15. Qf2 exf5 16. Bb6 Qd7 17. exd5 Nxd5 18. Bc5 Rfe8 19. d4 b6 20. Ba3 Nxc3 21. bxc3 c5 22. dxe5 c4 23. Bd6 cxb3 24. cxb3 b5 25. Qd4 bxa4 26. bxa4 Qc6 27. Re3 Red8 28. Rd1 Qc4 29. Qxc4 Rxc4 30. Rd4 Rxd4 31. cxd4 Rxd6 0-1

[Event "Galego-ch U16"]
[Site "Padron"]
[Date "2016.03.20"]
[Round "3.1"]
[White "Vidal Fernandez, Pablo"]
[Black "Gonzalez Eiris, Daniel"]
[Result "0-1"]
[WhiteElo "1970"]
[BlackElo "1772"]
[PlyCount "70"]
[EventDate "2016.03.19"]
[EventType "swiss"]
[EventRounds "8"]
[EventCountry "ESP"]
[SourceTitle "EXT 2024"]
[Source "ChessBase"]
[SourceDate "2023.10.10"]
[SourceVersion "1"]
[SourceVersionDate "2023.10.10"]
[SourceQuality "1"]

1. e4 e6 2. d4 d5 3. e5 c5 4. Nf3 Nc6 5. Bd3 cxd4 6. 0-0 Nge7 7. Bf4 Ng6 8. Bg3 Be7 9. Nbd2 f5 10. exf6 gxf6 11. Nh4 Kf7 12. f4 f5 13. Nxg6 hxg6 14. Nf3 Rh6 15. a3 a6 16. Re1 g5 17. fxg5 Bxg5 18. Nxg5+ Qxg5 19. Qf3 Qh5 20. Qxh5+ Rxh5 21. Re2 Bd7 22. Rae1 Rah8 23. b4 b5 24. h3 Rg8 25. Kh2 Ke7 26. Bf4 Re8 27. g3 Kf6 28. Be5+ Nxe5 29. Rxe5 Reh8 30. h4 Rg5 31. a4 Rg4 32. axb5 axb5 33. R5e2 Rhg8 34. Rg1 e5 35. Rf2 f4 0-1

[Event "Gallego-ch U18"]
[Site "Viveiro"]
[Date "2016.02.09"]
[Round "8"]
[White "Vidal Fernandez, Pablo"]
[Black "Ferreiro Solla, Pablo"]
[Result "1/2-1/2"]
[WhiteElo "2028"]
[BlackElo "1677"]
[PlyCount "34"]
[EventDate "2016.02.06"]
[EventType "swiss"]
[EventRounds "8"]
[EventCountry "ESP"]
[SourceTitle "EXT 2024"]
[Source "ChessBase"]
[SourceDate "2023.10.10"]
[SourceVersion "1"]
[SourceVersionDate "2023.10.10"]
[SourceQuality "1"]

1. c4 Nf6 2. Nc3 g6 3. Nf3 Bg7 4. d3 0-0 5. g3 d5 6. cxd5 Nxd5 7. Bd2 c6 8. Bg2 Bg4 9. 0-0 Qd7 10. Qc1 Re8 11. Rb1 Na6 12. a3 Bh3 13. b4 Bxg2 14. Kxg2 Nac7 15. Na4 Ne6 16. Nc5 Nxc5 17. Qxc5 e5 1/2-1/2

[Event "Gallego-ch U18"]
[Site "Viveiro"]
[Date "2016.02.08"]
[Round "6"]
[White "Perez Sanchez, Alberto"]
[Black "Vidal Fernandez, Pablo"]
[Result "0-1"]
[WhiteElo "1657"]
[BlackElo "2028"]
[PlyCount "76"]
[EventDate "2016.02.06"]
[EventType "swiss"]
[EventRounds "8"]
[EventCountry "ESP"]
[SourceTitle "EXT 2024"]
[Source "ChessBase"]
[SourceDate "2023.10.10"]
[SourceVersion "1"]
[SourceVersionDate "2023.10.10"]
[SourceQuality "1"]

1. Nf3 d5 2. g3 Nf6 3. Bg2 e6 4. 0-0 Be7 5. c4 0-0 6. d4 b6 7. Qc2 Bb7 8. b3 Nbd7 9. Bb2 c5 10. Nc3 Rc8 11. cxd5 cxd4 12. Nxd4 Bxd5 13. Bxd5 Nxd5 14. Qd2 Bb4 15. Rfc1 N7f6 16. Qd3 Bc5 17. Nf3 Qe7 18. Ng5 Nxc3 19. Bxc3 Bxf2+ 20. Kg2 Rxc3 21. Rxc3 Rd8 22. Qc2 Bc5 23. Rd3 h6 24. Rxd8+ Qxd8 25. Rd1 Qa8+ 26. Nf3 Ng4 27. Rd3 Ne3+ 28. Rxe3 Bxe3 29. Qd3 Bc5 30. Qd7 g5 31. h3 Qe4 32. Qd3 Qb7 33. Qd2 h5 34. g4 Qe4 35. Kh2 Kg7 36. Qc3+ e5 37. Qxe5+ Qxe5+ 38. Nxe5 Bd6 0-1

[Event "Gallego-ch U18"]
[Site "Viveiro"]
[Date "2016.02.07"]
[Round "3"]
[White "Dominguez Fernandez, Angel"]
[Black "Vidal Fernandez, Pablo"]
[Result "1-0"]
[WhiteElo "2160"]
[BlackElo "2028"]
[PlyCount "83"]
[EventDate "2016.02.06"]
[EventType "swiss"]
[EventRounds "8"]
[EventCountry "ESP"]
[SourceTitle "EXT 2024"]
[Source "ChessBase"]
[SourceDate "2023.10.10"]
[SourceVersion "1"]
[SourceVersionDate "2023.10.10"]
[SourceQuality "1"]

1. e4 e5 2. Bc4 Nf6 3. d3 Nc6 4. Nc3 Bb4 5. Nge2 d5 6. exd5 Nxd5 7. 0-0 Bxc3 8. Nxc3 Nxc3 9. bxc3 0-0 10. Ba3 Re8 11. Qf3 Be6 12. Bxe6 Rxe6 13. Rab1 b6 14. Rfe1 Qe8 15. Re4 f5 16. Qxf5 Rf6 17. Qh3 Qf7 18. Rf1 Qxa2 19. Bc1 Qxc2 20. Rh4 Rd8 21. Rxh7 Qxd3 22. Rh8+ Kf7 23. Qh5+ Qg6 24. Qh4 Rxh8 25. Qxh8 Qf5 26. Ba3 Qd7 27. Bf8 Qg4 28. h3 Qg5 29. Ba3 Rg6 30. Qf8+ Ke6 31. Qg8+ Kd7 32. Rd1+ Rd6 33. Bxd6 cxd6 34. Qd5 Qe7 35. Re1 Qe6 36. Qd3 Kc7 37. Qh7 Qf6 38. Re3 b5 39. Rg3 a5 40. Rxg7+ Kb6 41. Rb7+ Kc5 42. Qd3 1-0

[Event "ESP-ch U16"]
[Site "Salobrena"]
[Date "2015.07.24"]
[Round "8"]
[White "Chao Vale, Fernando"]
[Black "Vidal Fernandez, Pablo"]
[Result "1/2-1/2"]
[WhiteElo "1937"]
[BlackElo "2057"]
[PlyCount "92"]
[EventDate "2015.07.20"]
[EventType "swiss"]
[EventRounds "9"]
[EventCountry "ESP"]
[SourceTitle "EXT 2016"]
[Source "ChessBase"]
[SourceDate "2015.10.08"]
[SourceVersion "1"]
[SourceVersionDate "2015.10.08"]
[SourceQuality "1"]

1. e4 c5 2. Nf3 e6 3. d4 cxd4 4. Nxd4 Nf6 5. Nc3 Nc6 6. Ndb5 Bb4 7. a3 Bxc3+ 8. Nxc3 d5 9. exd5 exd5 10. Bd3 0-0 11. 0-0 d4 12. Ne2 Re8 13. Bg5 Re5 14. Bxf6 Qxf6 15. Ng3 Qd8 16. Qd2 Re8 17. Rfe1 Be6 18. Rad1 Qc7 19. Re4 Rad8 20. Bb5 Rd5 21. Bc4 Rdd8 22. Bxe6 Rxe6 23. Rde1 Rde8 24. Qg5 h6 25. Qd2 Rxe4 26. Rxe4 Rxe4 27. Nxe4 Qe5 28. Ng3 Qb5 29. b3 Qc5 30. a4 Nb4 31. h3 Nxc2 32. Ne2 a6 33. Qd3 g6 34. Qd2 Kg7 35. Qd1 Kh7 36. Qd2 a5 37. Qd1 Qf5 38. Nxd4 Nxd4 39. Qxd4 Qb1+ 40. Kh2 Qxb3 41. Qd7 b6 42. g3 Qe6 43. Qd4 Qc6 44. Qf4 Kg7 45. Qd4+ Qf6 46. Qe3 h5 1/2-1/2

[Event "ESP-ch U16"]
[Site "Salobrena"]
[Date "2015.07.24"]
[Round "7"]
[White "Vidal Fernandez, Pablo"]
[Black "Morona Minguez, Miguel"]
[Result "1/2-1/2"]
[WhiteElo "2057"]
[BlackElo "1924"]
[PlyCount "102"]
[EventDate "2015.07.20"]
[EventType "swiss"]
[EventRounds "9"]
[EventCountry "ESP"]
[SourceTitle "EXT 2016"]
[Source "ChessBase"]
[SourceDate "2015.10.08"]
[SourceVersion "1"]
[SourceVersionDate "2015.10.08"]
[SourceQuality "1"]

1. e4 e6 2. d4 d5 3. e5 c5 4. Nf3 Qb6 5. Bd3 Nc6 6. 0-0 cxd4 7. a3 Bd7 8. b4 a6 9. Bf4 Nge7 10. Re1 0-0-0 11. Nbd2 f6 12. Nb3 Re8 13. Qd2 fxe5 14. Nxe5 Nxe5 15. Bxe5 Nc6 16. f4 Nxe5 17. fxe5 Be7 18. Kh1 Ref8 19. Rf1 h6 20. Be2 Bg5 21. Qxd4 Qxd4 22. Nxd4 Bf4 23. Nf3 g5 24. g3 Be3 25. Rad1 Bc6 26. Nd4 Rxf1+ 27. Bxf1 Bxd4 28. Rxd4 Rf8 29. Kg1 Rf5 30. Bd3 Rxe5 31. Kf2 Bb5 32. Kf3 Bxd3 33. Rxd3 h5 34. a4 g4+ 35. Kf4 Rf5+ 36. Ke3 Rf3+ 37. Kd4 Rxd3+ 38. cxd3 Kd7 39. Ke5 Ke7 40. a5 Kf7 41. Kd6 Kf6 42. Kc7 e5 43. Kxb7 e4 44. dxe4 dxe4 45. b5 e3 46. bxa6 e2 47. a7 e1Q 48. a8Q Qe4+ 49. Ka7 Qd4+ 50. Ka6 Qc4+ 51. Kb6 Ke5 1/2-1/2

[Event "ESP-ch U16"]
[Site "Salobrena"]
[Date "2015.07.23"]
[Round "6"]
[White "Galiana Fernandez, Adrian"]
[Black "Vidal Fernandez, Pablo"]
[Result "1-0"]
[WhiteElo "2004"]
[BlackElo "2057"]
[PlyCount "59"]
[EventDate "2015.07.20"]
[EventType "swiss"]
[EventRounds "9"]
[EventCountry "ESP"]
[SourceTitle "EXT 2016"]
[Source "ChessBase"]
[SourceDate "2015.10.08"]
[SourceVersion "1"]
[SourceVersionDate "2015.10.08"]
[SourceQuality "1"]

1. e4 e5 2. Nf3 Nc6 3. Bb5 a6 4. Ba4 Nf6 5. 0-0 b5 6. Bb3 Be7 7. Re1 Bb7 8. d4 Nxd4 9. Nxd4 exd4 10. e5 Nd5 11. Qf3 c6 12. Bxd5 cxd5 13. Qg4 Qb6 14. Nd2 0-0 15. Nb3 Bb4 16. c3 Be7 17. Nxd4 Rfe8 18. Qxd7 Bc5 19. Qg4 Bc8 20. Qd1 Ra7 21. Be3 Rxe5 22. b4 Bf8 23. Nf3 Rxe3 24. Rxe3 Be6 25. Ng5 Be7 26. Nxe6 fxe6 27. Qe2 Bf6 28. Rxe6 Qc7 29. Re8+ Kf7 30. Qd1 1-0

[Event "ESP-ch U16"]
[Site "Salobrena"]
[Date "2015.07.22"]
[Round "4"]
[White "Vidal Fernandez, Pablo"]
[Black "Domingo Nunez, Ruben"]
[Result "0-1"]
[WhiteElo "2057"]
[BlackElo "2205"]
[PlyCount "80"]
[EventDate "2015.07.20"]
[EventType "swiss"]
[EventRounds "9"]
[EventCountry "ESP"]
[SourceTitle "EXT 2016"]
[Source "ChessBase"]
[SourceDate "2015.10.08"]
[SourceVersion "1"]
[SourceVersionDate "2015.10.08"]
[SourceQuality "1"]

1. e4 e6 2. d4 d5 3. Nc3 Bb4 4. a3 Bxc3+ 5. bxc3 dxe4 6. Qg4 Nf6 7. Qxg7 Rg8 8. Qh6 Nbd7 9. Nh3 b6 10. Ng5 Rg6 11. Qh4 Bb7 12. Nxh7 Nxh7 13. Qxh7 Qf6 14. Qh5 0-0-0 15. Qe2 e3 16. Bxe3 Bxg2 17. Bxg2 Rxg2 18. h4 Rh8 19. h5 Nc5 20. dxc5 Qxc3+ 21. Kf1 Qxa1+ 22. Kxg2 Rg8+ 23. Kh2 Qf6 24. Kh3 Qf5+ 25. Kh2 Rg4 26. Qxg4 Qxg4 27. h6 f5 28. Rg1 Qh4+ 29. Kg2 f4 30. Bxf4 Qxf4 31. Rh1 Qe4+ 32. Kg1 Qh7 33. cxb6 axb6 34. Rh3 Kd7 35. Kh2 Ke7 36. Kg3 Kf7 37. f4 Kg8 38. Rh2 Qg6+ 39. Kf3 Kh7 40. Re2 Qh5+ 0-1